|
|
|
|
| LEADER |
01430nam a2200397 a 4500 |
| 001 |
000114569 |
| 003 |
CZ BrMZK |
| 005 |
20201029164931.0 |
| 007 |
ta |
| 008 |
960815s1996 xr a f cze d |
| 015 |
|
|
|a cnb000184599
|
| 020 |
|
|
|a 80-85906-32-5
|q (váz.)
|z 80-85906-23-6
|
| 035 |
|
|
|a (OCoLC)37961307
|
| 040 |
|
|
|a ABA001
|b cze
|d BOA001
|
| 041 |
1 |
|
|a cze
|h eng
|
| 045 |
|
|
|a w8x5
|
| 072 |
|
7 |
|a 929
|x Biografie
|2 Konspekt
|9 8
|
| 080 |
9 |
|
|a 929
|
| 080 |
9 |
|
|a 101
|
| 100 |
1 |
|
|a Monk, Ray,
|d 1957-
|7 xx0110938
|4 aut
|
| 245 |
1 |
0 |
|a Wittgenstein :
|b úděl génia /
|c Ray Monk ; z angličtiny přeložil Otakar Vochoč
|
| 250 |
|
|
|a Vyd. 1.
|
| 260 |
|
|
|a Praha :
|b Hynek,
|c 1996
|
| 300 |
|
|
|a 636 s. ;
|c 21 cm
|
| 490 |
1 |
|
|a Velké biografie
|
| 600 |
1 |
7 |
|a Wittgenstein, Ludwig,
|d 1889-1951
|7 jn19990009220
|2 czenas
|
| 655 |
|
7 |
|a biografie
|7 fd131909
|2 czenas
|
| 700 |
1 |
|
|a Vochoč, Otakar,
|d 1933-
|7 mzk2007390306
|4 trl
|
| 765 |
0 |
|
|t Ludwig Wittgenstein
|9 Česky
|
| 830 |
|
0 |
|a Velké biografie
|
| 856 |
4 |
1 |
|u http://www.digitalniknihovna.cz/mzk/uuid/uuid:c15ec610-993f-11e3-a744-005056827e52
|y Digitalizovaný dokument
|x NDK
|
| 910 |
|
|
|a BOA001
|b 2-1028.839
|b PK-0126.666
|
| 920 |
|
|
|a 000122043
|
| 990 |
|
|
|a BK
|
| 996 |
7 |
|
|b 2610046920
|c 2-1028.839
|l MZK
|r Sklad / do 1 hodiny
|n 33
|p p.v.
|w 000114569
|u 000010
|a 1
|e BOA001
|j MZK50
|s A
|
| 996 |
7 |
|
|b 3119006306
|c PK-0126.666
|l MZK
|r Sklad / do 1 hodiny
|n 34
|p kup
|w 000114569
|u 000020
|a 1
|e BOA001
|j MZK50
|s A
|